Größte Städte in Afrika - Statistiken

Allgemein
  • Dieses Quiz wurde 713 mal gespielt
  • Das Durchschnittsergebnis liegt bei 10 aus 15
Antwortstatistiken
# Stadt % Korrekt
1 Kairo
98%
4 Johannesburg
88%
2 Lagos
87%
11 Kapstadt
86%
3 Kinshasa - Brazzaville
86%
10 Nairobi
82%
5 Luanda
71%
9 Alexandria
69%
15 Addis Abeba
67%
14 Casablanca
62%
13 Dakar
61%
7 Dar es Salaam
59%
8 Abidjan
45%
6 Khartoum
20%
12 Kano
15%
Keine übereinstimmenden Quizze gefunden
Verteilung der Resultate
Anzahl Personen mit jedem Resultat
Perzentil nach korrekt beantworteten Fragen
Ihre Resultats-Entwicklung
Sie haben dieses Quiz noch nicht gespielt